[Event "Let's Play Chess!"]
[Site "http://www.queenalice.com/game.php?id=23841"]
[Date "2005.8.12"]
[Round "-"]
[White "AndyKo"]
[Black "salazar"]
[Result "0-1"]
[WhiteElo "1589"]
[BlackElo "1680"]

1. b3 e5 2. Bb2 Nc6 3. e3 Nf6 4. d4 d6 5. d5 Ne7 6. c4 c6 7. Nc3 a6 8. e4 Bd7 9.
Ba3 Qb8 10. b4 cxd5 11. cxd5 b5 12. g3 a5 13. f4 exf4 14. gxf4 Ng6 15. f5 Ne5
16. Nf3 Nc4 17. Qc1 Qb6 18. bxa5 Qxa5 19. Bb2 Be7 20. Nd4 Nxb2 21. Nxb5 Na4 22.
Qd2 O-O 23. O-O-O Rfc8 24. Kc2 Bxb5 25. Bxb5 Rxc3+ 26. Kb1 Qxb5+ 0-1

[Event "AUTO-OPEN-131"]
[Site "http://www.queenalice.com/game.php?id=25371"]
[Date "2005.8.23"]
[Round "1"]
[White "meroej"]
[Black "AndyKo"]
[Result "1-0"]
[WhiteElo "1753"]
[BlackElo "1582"]

1. e4 e5 2. c3 Nf6 3. d3 d5 4. Bg5 d4 5. c4 Bb4+ 6. Bd2 Na6 7. a3 Bd6 8. Be2 c5
9. Nf3 h6 10. h3 Nh5 11. O-O f5 12. Nxd4 exd4 13. Bxh5+ Kf8 14. Qf3 Qf6 15. Re1
g6 16. e5 Bxe5 17. Qe2 Bd6 18. Bf3 h5 19. h4 Bd7 20. Bg5 Qf7 21. Bd5 Qe8 22.
Bxb7 Rb8 23. Bxa6 Rxb2 24. Qxe8+ Bxe8 25. Nd2 Ba4 26. Re6 Rb6 27. Bb5 Bxb5 28.
cxb5 Kf7 29. Rf6+ Kg7 30. Nc4 Rd8 31. Nxb6 axb6 32. Re1 Bf8 33. Rxg6+ Kxg6 34.
Bxd8 c4 35. dxc4 Bxa3 36. Bxb6 d3 37. Be3 Kf6 38. Rd1 Ke5 39. Rxd3 1-0

[Event "AUTO-OPEN-131"]
[Site "http://www.queenalice.com/game.php?id=25372"]
[Date "2005.8.23"]
[Round "1"]
[White "AndyKo"]
[Black "meroej"]
[Result "0-1"]
[WhiteElo "1625"]
[BlackElo "1806"]

1. b3 d5 2. Bb2 Nc6 3. d4 Nf6 4. c4 Bf5 5. f3 e6 6. g4 Bxg4 7. fxg4 Nxg4 8. Qd3
Qh4+ 9. Kd1 Nf2+ 10. Kc2 Nxd3 11. Kxd3 Qe4+ 0-1

[Event "Let's Play Chess!"]
[Site "http://www.queenalice.com/game.php?id=29689"]
[Date "2005.9.21"]
[Round "-"]
[White "AndyKo"]
[Black "Jorge"]
[Result "1-0"]
[WhiteElo "1457"]
[BlackElo "1338"]

1. e4 e5 2. Qf3 Nf6 3. Bc4 c6 4. Nc3 b5 5. Bb3 d6 6. h3 h5 7. d3 Be6 8. Bg5 Be7
9. Bh4 Nbd7 10. a4 b4 11. Na2 a5 12. Bxe6 fxe6 13. c3 b3 14. Nc1 d5 15. Nxb3
dxe4 16. dxe4 Nc5 17. Nxc5 Bxc5 18. Rd1 Qb6 19. Rd2 Rf8 20. Bxf6 gxf6 21. Qxh5+
Ke7 22. b4 axb4 23. c4 Rh8 24. Qg4 Rag8 25. Qf3 b3 26. Qd3 Rd8 27. Qg3 Rhg8 28.
Qh4 Rxg2 29. Qh7+ Ke8 30. f3 Rxg1+ 31. Rxg1 Bxg1 32. Qg6+ Ke7 33. Qg7+ Ke8 34.
Qxf6 Qe3+ 35. Re2 Qc3+ 36. Kf1 Rd1+ 37. Kg2 b2 38. Qxe6+ Kd8 39. Qf6+ Kc8 40.
Qxc6+ Kd8 41. Qa8+ Kd7 42. Qb7+ Ke6 43. Rxb2 Rd7 44. Qc6+ Ke7 45. Qb5 Qd4 46. a5
Be3 47. a6 Qd6 48. Qb4 Bc5 49. Qe1 Qg6+ 50. Qg3 Qe6 51. Qg7+ Kd6 52. Qf8+ Kc6
53. Qc8+ Kd6 54. Rd2+ Bd4 55. Qb8+ Ke7 56. f4 Qg6+ 57. Kf3 Qh5+ 58. Kg3 Qg6+ 59.
Kf3 Qh5+ 60. Kg3 Ba7 61. Qb4+ Ke8 62. Rxd7 Kxd7 63. Qb7+ Kd6 64. Qxa7 Qg6+ 65.
Kf3 exf4 66. Qb6+ Ke5 67. Qxg6 Kd4 68. a7 Kxc4 69. a8=Q Kd3 70. Qd6+ 1-0

[Event "Let's Play Chess!"]
[Site "http://www.queenalice.com/game.php?id=30487"]
[Date "2005.9.26"]
[Round "-"]
[White "Reddaz"]
[Black "AndyKo"]
[Result "0-1"]
[WhiteElo "1477"]
[BlackElo "1545"]

1. e4 d5 2. e5 e6 3. d4 c5 4. c4 f6 5. Bf4 Nc6 6. Nc3 cxd4 7. Nb5 fxe5 8. Bg3
Bb4+ 9. Ke2 a6 10. a3 Be7 11. Nxd4 exd4 12. Nf3 dxc4 13. Nxd4 Nxd4+ 14. Ke1 Nb3
15. Rb1 Qa5+ 16. Ke2 Qf5 17. Ke1 Qe4+ 18. Be2 Nc5 19. Rc1 Nd3+ 20. Kf1 Nxc1 21.
Qxc1 b5 22. Bf4 e5 23. Be3 Bb7 24. f3 Qd5 25. Kf2 e4 26. Rd1 Qh5 27. Qd2 Qh4+
28. Kg1 Rd8 29. Qa5 Rd7 30. Qc3 Bf6 31. Qd2 Rxd2 0-1

[Event "AUTO-OPEN-153"]
[Site "http://www.queenalice.com/game.php?id=31300"]
[Date "2005.10.2"]
[Round "1"]
[White "Martineesch"]
[Black "AndyKo"]
[Result "0-1"]
[WhiteElo "1100"]
[BlackElo "1588"]

1. d4 d5 2. Bf4 f6 3. Nf3 g5 4. Bg3 e6 5. e3 c5 6. c4 Qb6 7. Qb3 g4 8. Nfd2 cxd4
9. exd4 Qxd4 10. cxd5 e5 11. Bd3 Nd7 12. O-O Nc5 13. Bb5+ Bd7 14. Nf3 gxf3 0-1

[Event "AUTO-OPEN-153"]
[Site "http://www.queenalice.com/game.php?id=31301"]
[Date "2005.10.2"]
[Round "1"]
[White "AndyKo"]
[Black "Martineesch"]
[Result "0-1"]
[WhiteElo "1538"]
[BlackElo "1310"]

1. e4 c5 2. Bc4 Nc6 3. Qf3 Nf6 4. g4 Ne5 5. Qc3 Nxc4 6. Qxc4 Nxg4 7. Qxc5 e5 8.
Qd5 Qb6 9. Nh3 Bc5 10. f3 Bf2+ 11. Kd1 d6 12. a4 Nf6 13. a5 Nxd5 14. axb6 Bxh3
15. bxa7 Bg2 16. Re1 Bxf3+ 17. Re2 Nf4 18. Nc3 Nxe2 19. Nxe2 Rxa7 20. Rxa7 Bxe2+
21. Kxe2 Bxa7 22. b3 Kd7 23. c4 b5 24. cxb5 Rb8 25. Kd3 Rxb5 26. Kc4 Rc5+ 0-1

[Event "AUTO-OPEN-153"]
[Site "http://www.queenalice.com/game.php?id=31326"]
[Date "2005.10.2"]
[Round "1"]
[White "AndyKo"]
[Black "Lucascg"]
[Result "0-1"]
[WhiteElo "1558"]
[BlackElo "1674"]

1. b3 e5 2. e4 Nf6 3. f3 Nxe4 4. fxe4 Qh4+ 5. g3 Qxe4+ 6. Qe2 Qxh1 7. Qg2 Qxg2
8. Bxg2 Bc5 9. Ne2 O-O 10. Ba3 Bxa3 11. Nxa3 c6 12. c4 d6 13. h3 Nd7 14. d4 exd4
15. Nxd4 Nf6 16. O-O-O d5 17. g4 h6 18. Rf1 Be6 19. Nf5 Bxf5 20. gxf5 Rad8 21.
Re1 Rfe8 22. Rf1 Re2 23. Bh1 Rxa2 24. Nc2 dxc4 25. bxc4 Ra4 26. Rd1 Rxd1+ 27.
Kxd1 Rxc4 28. Ne3 Rc5 29. Bf3 a5 0-1

[Event "AUTO-OPEN-153"]
[Site "http://www.queenalice.com/game.php?id=31327"]
[Date "2005.10.2"]
[Round "1"]
[White "Lucascg"]
[Black "AndyKo"]
[Result "1-0"]
[WhiteElo "1601"]
[BlackElo "1588"]

1. e4 d5 2. exd5 Qxd5 3. Nc3 Qa5 4. g3 g6 5. Bg2 c6 6. Nge2 f5 7. d4 e6 8. O-O
Nf6 9. Re1 e5 10. dxe5 Qxe5 11. Nd4 Ne4 12. Nxe4 Be7 13. Nxc6 bxc6 14. Nd6+ Bxd6
15. Rxe5+ Bxe5 16. Qe2 Nd7 17. Bxc6 Rb8 18. Qxe5+ Kf7 19. Qxh8 Bb7 20. Qxh7+ Kf6
21. Qxd7 Bc8 22. Qd6+ 1-0

[Event "Let's Play Chess!"]
[Site "http://www.queenalice.com/game.php?id=33612"]
[Date "2005.10.17"]
[Round "-"]
[White "AndyKo"]
[Black "Reddaz"]
[Result "1-0"]
[WhiteElo "1559"]
[BlackElo "1482"]

1. e4 e5 2. Qf3 d6 3. g4 Nc6 4. c3 Qg5 5. Bc4 Nh6 6. h4 Qf4 7. Qxf4 exf4 8. g5
Ng4 9. d4 Be6 10. d5 Na5 11. Na3 Ne5 12. b3 Bd7 13. Bxf4 Bg4 14. Be2 Bd7 15. b4
Nac6 16. dxc6 Bxc6 17. f3 a6 18. b5 axb5 19. Nxb5 Bxb5 20. Bxb5+ c6 21. Be2 Ra5
22. Rb1 b5 23. Rb2 g6 24. h5 gxh5 25. Rxh5 Bg7 26. Nh3 d5 27. Bxe5 Bxe5 28. g6
fxg6 29. Rxe5+ 1-0

[Event "Let's Play Chess!"]
[Site "http://www.queenalice.com/game.php?id=34315"]
[Date "2005.10.21"]
[Round "-"]
[White "AndyKo"]
[Black "larryb"]
[Result "0-1"]
[WhiteElo "1485"]
[BlackElo "1404"]

1. e4 e5 2. Nf3 d6 3. d4 f5 4. exf5 Bxf5 5. dxe5 Nc6 6. Bd3 g6 7. Bg5 Be7 8. h4
Nxe5 9. Qe2 Nxd3+ 10. cxd3 h6 11. Bd2 Nf6 12. Nd4 Bd7 13. Ne6 Bxe6 14. Qxe6 Qd7
15. Qb3 O-O-O 16. Qf7 Qe8 17. Qb3 Ng4 18. Qe6+ Qd7 19. Qxg6 Rhg8 20. Qe4 Rde8
21. O-O Bf6 22. Qc4 Bxb2 23. f3 Bxa1 24. fxg4 Rxg4 25. Rf4 h5 26. Kf2 Be5 27. g3
Bxf4 28. gxf4 Qe7 29. Nc3 Qxh4+ 0-1

[Event "Challenge"]
[Site "http://www.queenalice.com/game.php?id=37269"]
[Date "2005.11.9"]
[Round "-"]
[White "Croftsy"]
[Black "AndyKo"]
[Result "0-1"]
[WhiteElo "1384"]
[BlackElo "1476"]

1. Nf3 Nc6 2. g3 e5 3. c4 e4 4. Nh4 g5 5. Nf5 d5 6. Ne3 d4 7. Nd5 f5 8. Bg2 d3
9. exd3 exd3 10. O-O Nd4 11. Re1+ Be7 12. Re3 Nc2 13. Rxd3 Nxa1 14. Qa4+ Bd7 15.
Qd1 c6 16. Ne3 Qa5 17. b3 Qxa2 18. Nc3 Qa5 19. Qh5+ Kd8 20. Nxf5 Qxf5 21. Ne4
Qg6 22. Qf3 a5 23. Bb2 g4 24. Qf4 Qf5 25. Bxa1 h6 26. Bxh8 a4 27. Be5 Bg5 28.
Bc7+ Kc8 29. Nd6+ Kxc7 30. Ne4+ Kc8 31. Nd6+ Kd8 32. Nxb7+ Ke8 33. Re3+ Ne7 34.
Nd6+ Kf8 35. Nxf5 Bxf4 36. Rxe7 Bxf5 37. gxf4 Kxe7 38. Bxc6 Rd8 39. Bxa4 Rxd2
40. c5 Be4 41. h3 Rd1+ 42. Kh2 Rh1+ 43. Kg3 Rxh3+ 44. Kxg4 Rh1 45. c6 h5+ 46.
Kg5 h4 47. c7 Bb7 48. b4 Kd6 49. f5 Kxc7 50. f6 Kd8 51. f4 h3 52. Kg6 Rg1+ 53.
Kf7 h2 54. Ke6 h1=Q 0-1

[Event "Let's Play Chess!"]
[Site "http://www.queenalice.com/game.php?id=39225"]
[Date "2005.11.23"]
[Round "-"]
[White "AndyKo"]
[Black "at_5_am"]
[Result "1-0"]
[WhiteElo "1473"]
[BlackElo "1767"]

1. e4 c5 2. Bc4 e6 3. e5 Qg5 4. g3 Qxe5+ 5. Qe2 Bd6 6. Nf3 Qxe2+ 7. Bxe2 b6 8.
Nc3 Nf6 9. Nb5 Be5 10. Nxe5 O-O 11. Nc7 Bb7 12. Bf3 d5 13. Nxa8 Bxa8 14. c4 Na6
15. a3 Nc7 16. g4 Bb7 17. g5 g6 18. gxf6 b5 19. Nd7 Rd8 20. Nxc5 Bc8 21. b3 dxc4
22. bxc4 bxc4 23. Be2 Rd5 24. Ne4 Ba6 25. Rb1 Rd4 26. Rb8+ 1-0